| 000 | 01929cam a22004814i 4500 | ||
|---|---|---|---|
| 003 | PE-LiUPU | ||
| 005 | 20250731173552.0 | ||
| 008 | 150616s r 000 0 d | ||
| 020 | _a0521219299 | ||
| 035 | _a(Sirsi) i9780521219297 | ||
| 040 |
_aPE-LiUPU _bspa _cPE-LiUPU _erda |
||
| 049 | _aPRUA | ||
| 082 | 0 | 4 |
_a296.09 _bU _221 |
| 110 | 2 | _aUniversity of Cambridge | |
| 245 | 1 | 4 |
_aThe Hellenistic Age / _cUniversity of Cambridge. |
| 264 | 1 |
_aCambridge : _bCambridge University Press, _c1989. |
|
| 300 |
_a738 páginas : _bilustraciones ; _c24 centímetros |
||
| 336 |
_atext _2rdacontent |
||
| 337 |
_aunmediated _2rdamedia |
||
| 338 |
_avolume _2rdacarrier |
||
| 490 | 0 |
_aThe Cambridge History of Judaism ; _v2 |
|
| 505 | 0 | _aThe archaeology of hellenistic Palestine.- The political and social history of Palestine from Alexander to Antionchus III (333-187 BC.).- Hebrew aramaic and Greek in the hellenistic age.- the diaspora in the hellenistic age.- The interpenetration of judaism and hellenism in the pre-maccabean period.- The men of the great synagogue.- The pharisaic leadreship after the great synagogue.- Antiochus IV.- Etc.. | |
| 526 | _aSEG42 | ||
| 526 | _aSEG41 | ||
| 526 | _aSEG40 | ||
| 526 | _aSEG39 | ||
| 526 | _aP94 | ||
| 526 | _aP87 | ||
| 526 | _aP86 | ||
| 526 | _aP85 | ||
| 526 | _aP77 | ||
| 526 | _aP76 | ||
| 526 | _aP35 | ||
| 650 | 0 | 4 |
_aCivilización griega. _93207 |
| 650 | 0 | 4 |
_aHelenismo. _91324 |
| 910 |
_ajck _bjvq _cjck |
||
| 942 |
_2ddc _cBOOK |
||
| 949 |
_a296.09 U _wDEWEY _c1 _i43197 _lCCODEBUL1 _mBUL _r0 _sY _tBOOK _u2015-6-16 _xTEOLOGIA _zUNKNOWN _0COMPRA _o.STAFF. Colección General |
||
| 994 |
_aC0 _bPEPRU |
||
| 596 | _a1 | ||
| 999 |
_a296.09 U _wDEWEY _c61157 _i43197 _d61157 _f2021-11-11 _g5 _lCCODEBUL1 _mBUL _q1 _r0 _sY _tBOOK _u2015-6-16 _xTEOLOGIA _zUNKNOWN _0COMPRA _o.STAFF. Colección General |
||
| 980 |
_81 _gALBERTO SANCHEZ Responsable de Automatización |
||